Bartolomé Esteban Murillo, (1617-1682) : (Record no. 117615)
[ view plain ]
| 000 -LEADER | |
|---|---|
| campo de control de longitud fija | 01803nam a2200349 i 4500 |
| 001 - NÚMERO DE CONTROL | |
| campo de control | 117615 |
| 003 - IDENTIFICADOR DE NÚMERO DE CONTROL | |
| campo de control | ES-MaACL |
| 005 - FECHA Y HORA DE LA ÚLTIMA TRANSACCIÓN | |
| campo de control | 20251215104834.0 |
| 008 - DATOS DE LONGITUD FIJA--INFORMACIÓN GENERAL | |
| campo de control de longitud fija | 211227s1982 sp a s001 0bspa |
| 020 ## - NÚMERO INTERNACIONAL ESTÁNDAR DEL LIBRO | |
| Número Internacional Estándar del Libro | 84-7075-249-9 |
| 080 ## - NÚMERO DE LA CLASIFICACIÓN DECIMAL UNIVERSAL | |
| Número de la Clasificación Decimal Universal | 74/75 Murillo, Bartolomé Esteban (064.3) |
| 100 1# - ENTRADA PRINCIPAL--NOMBRE DE PERSONA | |
| Nombre de persona | Murillo, Bartolomé Esteban, |
| Fechas asociadas al nombre | 1617-1682 |
| 9 (RLIN) | 84581 |
| 245 10 - MENCIÓN DEL TÍTULO | |
| Título | Bartolomé Esteban Murillo, (1617-1682) : |
| Resto del título | [exposición], Museo del Prado, Madrid, 8 de octubre-12 de diciembre 1982, Royal Academy of Arts, Londres, 15 de enero-27 de marzo 1983 / |
| Mención de responsabilidad, etc. | [comisario de la exposición en España, Manuela Mena Marqués ; dirección y coordinación del catálogo, Manuela Mena Marqués e Isabel de Alzaga]. |
| 260 ## - PUBLICACIÓN, DISTRIBUCIÓN, ETC. | |
| Lugar de publicación, distribución, etc. | [Madrid] : |
| Nombre del editor, distribuidor, etc. | Dirección General de Bellas Artes, Archivos y Bibliotecas : |
| -- | Fundación Juan March, |
| Fecha de publicación, distribución, etc. | 1982. |
| 300 ## - DESCRIPCIÓN FÍSICA | |
| Extensión | 318 p. : |
| Otras características físicas | il. col. y n. ; |
| Dimensiones | 28 cm. |
| 500 ## - NOTA GENERAL | |
| Nota general | Índice disponible en Dialnet. |
| 500 ## - NOTA GENERAL | |
| Nota general | Índices. |
| 504 ## - NOTA DE BIBLIOGRAFÍA, ETC. | |
| Nota de bibliografía, etc. | Bibliografía: p. 305-310. |
| 600 14 - PUNTO DE ACCESO ADICIONAL DE MATERIA--NOMBRE DE PERSONA | |
| Nombre de persona | Murillo, Bartolomé Esteban, |
| Fechas asociadas al nombre | 1617-1682- |
| Subdivisión de forma | Exposiciones |
| 9 (RLIN) | 173938 |
| 655 #7 - TERMINO DE INDIZACIÓN--GENERO/FORMA | |
| Fuente del término | tgfbne |
| 9 (RLIN) | 193628 |
| Datos o término principal de género/forma | Catálogos de exposiciones |
| 700 1# - ENTRADA AGREGADA--NOMBRE PERSONAL | |
| Nombre de persona | Mena, Manuela. |
| 9 (RLIN) | 80049 |
| 700 1# - ENTRADA AGREGADA--NOMBRE PERSONAL | |
| Nombre de persona | Alzaga, Isabel de. |
| 9 (RLIN) | 173939 |
| 710 2# - ENTRADA AGREGADA--NOMBRE DE ENTIDAD CORPORATIVA | |
| Nombre de entidad corporativa o nombre de jurisdicción como elemento de entrada | Museo Nacional del Prado. |
| 9 (RLIN) | 160001 |
| 710 1# - ENTRADA AGREGADA--NOMBRE DE ENTIDAD CORPORATIVA | |
| Nombre de entidad corporativa o nombre de jurisdicción como elemento de entrada | España. |
| Unidad subordinada | Dirección General de Bellas Artes, Archivos y Bibliotecas. |
| 9 (RLIN) | 3705 |
| 710 2# - ENTRADA AGREGADA--NOMBRE DE ENTIDAD CORPORATIVA | |
| Nombre de entidad corporativa o nombre de jurisdicción como elemento de entrada | Fundación Juan March |
| 9 (RLIN) | 4346 |
| 852 4# - LOCALIZACIÓN | |
| Ubicación | ES-MaACL |
| Número de control de estantería | A-14815 |
| itemnumber | 122007 |
| Sublocalización o colección | R.153051 |
| Ubicación en estantería | Depósito 1 |
| Signatura antigua | Olim: N-7815 |
| Donativo/Legado | Donación: Carlos D'Ors |
| 856 4# - LOCALIZACIÓN Y ACCESO ELECTRÓNICOS | |
| Identificador Uniforme de Recursos | <a href="https://dialnet.unirioja.es/servlet/libro?codigo=565841&utm_source=catalogo.bne.es&utm_medium=libro&utm_campaign=Dialnet_Widgets">https://dialnet.unirioja.es/servlet/libro?codigo=565841&utm_source=catalogo.bne.es&utm_medium=libro&utm_campaign=Dialnet_Widgets</a> |
| Texto de enlace | Índice (Dialnet) |
| 903 ## - NOMBRE PERSONAL DE DONANTE | |
| 9 | 87369 |
| a | Ors Führer, Carlos d' |
| e | Donante |
| 942 ## - ELEMENTOS DE ENTRADA SECUNDARIOS (KOHA) | |
| Fuente del sistema de clasificación o colocación | Clasificación decimal universal |
| Tipo de ítem Koha | Libro impreso |
| Estatus retirado | Estado de pérdida | Fuente del sistema de clasificación o colocación | Estado de daño | No para préstamo | Colección | Biblioteca de origen | Biblioteca actual | Ubicación en estantería | Fecha de adquisición | Fuente de adquisición | Total de préstamos | Signatura topográfica completa | Código de barras | Visto por última vez | Precio de reemplazo | Tipo de ítem Koha |
|---|---|---|---|---|---|---|---|---|---|---|---|---|---|---|---|---|
| Clasificación decimal universal | Colección digital | Biblioteca del Ateneo de Madrid | Biblioteca del Ateneo de Madrid | Depósito 1 | 27/12/2021 | Donación | A-14815 | 1202769 | 23/02/2023 | 23/02/2023 | Libro impreso |
